00634nam a22002057a 450000500170000001000130001702000260003003500130005603700160006904000120008508200170009710000180011424500550013226000410018727000830022830000300031150000360034165000240037765000270040120170124110025.0 aB-220578 c500.00a9788189239244 aB-220578 bCen Lib/Ret aDPLbEN a371.334bVER aVerma, Mahesh aTechnology in digital education /cby Mahesh Verma aNew DelhibMurari Lal and Sonsc2006 a4378/4B, Ansari Road Darya Ganj bNew Delhie110002 avi,268p. :c22cm(Hb)bill aIncludes index and bibliography aDigital electronics aEducational technology